The theory of education in Plato's republic

Saved in:
Bibliografiske detaljer
Main Authors: Nettleship, R. L. Nettleship, Richard Lewis (Author), Leeson, Spencer (Author)
Format: Bog
Sprog:engelsk
Udgivet: Londres Oxford University Press 1966
Serier:Nettleship
Fag:
Tags: Tilføj Tag
Ingen Tags, Vær først til at tagge denne postø!

MARC

LEADER 00000nam a2200000 a 4500
001 UCY6300
003 CL-VaPUC
008 950521e19660000UK |||||||||||||||||eng|d
082 0 4 |a 184  |b NET  |2 21 
100 |a Nettleship, R. L.  |e author  |q Nettleship, Richard Lewis  |9 336156 
700 0 |a Leeson, Spencer  |e author  |9 336157 
245 1 4 |a The theory of education in Plato's republic 
300 |a 155 p 
942 |c BK 
945 |d 19950521 00:00:00  |a oaravena 
260 |a Londres  |b Oxford University Press  |c 1966 
600 0 7 |a PLATON  |2 CL-VaPUC  |9 222 
650 0 |a Filosofía   |9 223554 
650 0 |a Filosofía antigua   |9 255705 
650 0 |a Política  |9 255312 
650 0 |a Filosofía del espíritu  |9 320175 
650 7 |a SER  |2 CL-VaPUC  |9 320176 
650 7 |a HOMBRE  |2 CL-VaPUC  |9 262149 
651 0 |a Grecia  |9 265314 
583 |a last modification  |c 19950521 00:00:00  |k Rodrigo Vera 
490 0 |a Nettleship 
999 |c 233876  |d 233874 
952 |0 0  |1 0  |4 0  |6 184_000000000000000_NET_1966  |7 0  |8 P  |9 239679  |a BIBEDU  |b BIBEDU  |c BIBEDU_PB  |d 2019-11-18  |i 1506854  |o 184 NET 1966  |p 1506854  |r 2024-01-25  |w 2019-11-18  |y BK  |k FIL